Culture précise - Football #4 - Statistiques

Statistiques générales
  • Ce quiz a été pris 441 fois
  • Le résultat moyen est 8 sur 10
Statistiques - réponses
Hint Réponse % Correct
A qui Zidane a mis "un coup de boule" ? Marco Materazzi
95%
De quel club provenait ce joueur avant de rejoindre le Réal Madrid ? Olympique Lyonnais
93%
Quel autre joueur français a mis une panenka avec le Réal Madrid en ligue des champions face à Ederson ? Karim Benzema
92%
Quel exploit ce même joueur a réalisé lors de la finale de Coupe du Monde 2022 ? Un triplé
91%
Combien de coup franc a mit Kylian Mbappé à ce jour (mars 2025) ? 0
90%
Comment Zidane avait mit son doublé lors de la finale de Coupe du Monde 1998 ? De la tête
90%
Quel légendaire tireur de coup franc a aussi joué dans ce club ? Juninho
88%
Quel geste iconique a-t-il fait devant Buffon lors de ce match ? Une panenka
88%
Durant quel match ? Finale Coupe du Monde 2006
78%
Quelle est la nationalité de Antonín Panenka qui a donné son nom à ce geste ? Tchèque
39%
Aucun quiz correspondant
Distribution des résultats
% des personnes avec chaque résultat
Percentile par nombre de réponses
Votre historique - résultats
Vous n’avez pas pris ce quiz